000 00459nam a2200193Ia 4500
005 20240823053043.0
008 240823s9999||||xx |||||||||||||| ||und||
020 _a978-8-317-9550-7
041 _aENGLISH
082 _A621.4021 Q3
100 _aRathnam K
245 0 _aThermodynamics
250 _a1st
260 _c2013
_bPearson Education Internat
500 _aTRANSFERED
650 _aThermodynamics
_bMechanical
942 _cBK
999 _c223296
_d223296